书目信息 |
| 题名: |
餐厨废弃物资源化处理技术与应用
|
|
| 作者: | 任连海 著 | |
| 分册: | ||
| 出版信息: | 北京 中国质检出版社 2014 |
|
| 页数: | 157页 | |
| 开本: | 26cm | |
| 丛书名: | ||
| 单 册: | ||
| 中图分类: | X792 | |
| 科图分类: | ||
| 主题词: | 饮食业--废物处理 , 饮食业 , 废物处理 | |
| 电子资源: | ||
| ISBN: | 978-7-5066-7549-9 | |
| 000 | 01012nam0 2200265 450 | |
| 001 | 012015000058 | |
| 005 | 20150911082341.14 | |
| 010 | @a978-7-5066-7549-9@dCNY36.00 | |
| 100 | @a20140915d2014 em y0chiy50 ea | |
| 101 | 0 | @achi |
| 102 | @aCN@b110000 | |
| 105 | @aa z 000yy | |
| 106 | @ar | |
| 200 | 1 | @a餐厨废弃物资源化处理技术与应用@Acan chu fei qi wu zi yuan hua chu li ji shu yu ying yong@f任连海[等]著 |
| 210 | @a北京@c中国质检出版社@c中国标准出版社@d2014 | |
| 215 | @a157页@c图@d26cm | |
| 304 | @a著者还有:郭启民、赵怀勇、王攀 | |
| 330 | @a本书较系统地介绍了餐厨废弃物的产生特点、收集运输的基本理论、预处理技术、废油脂分离回收技术、湿热处理技术、好氧堆肥技术、厌氧发酵技术、饲料化技术、以及餐厨废油的资源化技术、餐厨废弃物处理厂厂除臭技术,为我国城市餐厨废弃物的资源回收利用提供参考。 | |
| 606 | 0 | @a饮食业@x废物处理 |
| 606 | 0 | @a饮食业 |
| 606 | 0 | @a废物处理 |
| 690 | @aX792@v5 | |
| 701 | 0 | @a任连海@Aren lian hai@4著 |
| 801 | 0 | @aCN@b碧洲教育@c20150716 |
| 905 | @a10447@f4@dX792@e191 | |
| 餐厨废弃物资源化处理技术与应用/任连海[等]著.-北京:中国质检出版社:中国标准出版社,2014 |
| 157页:图;26cm |
| ISBN 978-7-5066-7549-9:CNY36.00 |
| 本书较系统地介绍了餐厨废弃物的产生特点、收集运输的基本理论、预处理技术、废油脂分离回收技术、湿热处理技术、好氧堆肥技术、厌氧发酵技术、饲料化技术、以及餐厨废油的资源化技术、餐厨废弃物处理厂厂除臭技术,为我国城市餐厨废弃物的资源回收利用提供参考。 |
| ● |
| 相关链接 |
|
|
|
|
正题名:餐厨废弃物资源化处理技术与应用
索取号:X792/191
 
预约/预借
| 序号 | 登录号 | 条形码 | 馆藏地/架位号 | 状态 | 备注 |
| 1 | 0870773 | 208707737 | 第二样本阅览室/ [索取号:X792/191] | 在馆 | |
| 2 | 0870774 | 208707746 | 第三借阅区/ [索取号:X792/191] | 在馆 | |
| 3 | 0870775 | 208707755 | 第三借阅区/ [索取号:X792/191] | 在馆 | |
| 4 | 0870776 | 208707764 | 第三借阅区/ [索取号:X792/191] | 在馆 |